Normal view
MARC view
- MECHANICS- APPLIED. STATICS.ENGINEERING MECHANICS-STATICS
Entry Topical Term
001 - CONTROL NUMBER
- control field: 77113
003 - CONTROL NUMBER IDENTIFIER
- control field: NUST
005 - DATE AND TIME OF LATEST TRANSACTION
- control field: 20210628205818.0
008 - FIXED-LENGTH DATA ELEMENTS
- fixed length control field: 210628|| aca||aabn | a|a d
040 ## - CATALOGING SOURCE
- Original cataloging agency: NUST
- Transcribing agency: NUST
150 ## - HEADING--TOPICAL TERM
- Topical term or geographic name entry element: MECHANICS- APPLIED. STATICS.ENGINEERING MECHANICS-STATICS
670 ## - SOURCE DATA FOUND
- Source citation: Work cat.: (NUST): Beer , Ferdinand. P 1378, Mechanics for engineers statics, 1987
